| 000 | 00378nam a2200169Ia 4500 | ||
|---|---|---|---|
| 003 | 0STCL | ||
| 008 | 150530s9999 xx 000 0 und d | ||
| 040 |
_aSTCL _cSTCL |
||
| 100 | _aDastur, J.F. | ||
| 245 | _aUseful plants of India and pakistan | ||
| 250 | _aSeventh | ||
| 260 | _c1964 | ||
| 546 | _aEnglish | ||
| 942 |
_2ddc _cBK |
||
| 999 |
_c36591 _d36591 |
||
| 005 | 20220125170406.0 | ||